K otázce školství pro neslyšící

Bibliographic Details
Main Author: Poul, Jan (Author)
Format: Article
Language:Slovak
Czech

MARC

LEADER 00000nab a2200000 a 4500
001 vtls010720637
003 SK-MaSNL
005 20260304191355.0
008 250709s xo |||||||||||||||||slo|
035 |a (urnnbn)urn:nbn:sk:snk:ar-a04r69 
035 |a (uuid)737285df-f8b8-4aa1-87ba-8f508b417515 
035 |a urn:nbn:sk:snk-ab3lny 
040 |a SNKBUCL  |b slo  |c SNKBUCL  |e AACR2 
041 0 |a cze 
044 |a xo  |c SK 
100 1 |a Poul, Jan  |4 aut  |9 6584 
245 1 0 |a K otázce školství pro neslyšící  |c Jan Poul 
773 0 |t Otázky defektológie : časopis pre teóriu a prax na školách a v zariadeniach pre mládež vyžadujúcu osobitnú starostlivosť  |g Roč. 16, č. 10 (1973-1974), s. 378-384 
850 |a Slovenská národná knižnica 
852 |a Slovenská národná knižnica 
958 |a article1 
958 |a OND 
958 |a EUIPO 
999 |c 3053713  |d 3055643